|
|
|
|
| LEADER |
00899cam a2200253 7i4500 |
| 001 |
0000065328 |
| 005 |
20191203090000.0 |
| 005 |
##20191203150600.0 |
| 003 |
##MY-KlINT |
| 008 |
160317 000 0 eng d |
| 020 |
# |
# |
|a 9834291930
|
| 039 |
# |
9 |
|a 201912031506
|b AUTHORITY
|y 201603171339
|z suriati
|
| 040 |
# |
# |
|a INTSRWK
|
| 090 |
0 |
0 |
|a 923.2595
|
| 100 |
1 |
# |
|a Chamil Wariya 1952-
|
| 245 |
1 |
0 |
|a Potret peribadi Abdullah Ahmad Badawi /
|c Chamil Wariya..
|
| 260 |
# |
# |
|a Kuala Lumpur:
|b Media Global Matrix Sendirian Berhad,
|c 2006.
|
| 300 |
# |
# |
|a x, 161 mukasurat:
|b warna illustrasi;
|c 22cm.
|
| 500 |
# |
# |
|a Mengandungi indeks
|
| 504 |
# |
# |
|a Mengandungi bibliografi : ms 155
|
| 600 |
0 |
0 |
|a Abdullah Haji Ahmad Badawi,
|c Dato' Seri,
|d 1939-
|
| 650 |
# |
0 |
|a Prime Minister --
|x Malaysia --
|x Biography
|
| 650 |
# |
0 |
|a Politician --
|x Malaysia --
|x Biography
|
| 651 |
# |
0 |
|a Malaysia --
|x Politics and government
|